Lectures on meromorphic functions /

Guardado en:
Autor Principal: Hayman, W. K. 1926-
Otros Autores: Gowrisankaran, K. N., Rao, K. Muralidhara.
Formato: Libro
Idioma:English
Publicado: Bombay : Tata Institute of Fundamental Research, 1959.
Etiquetas: Agregar Etiqueta
Sin Etiquetas, Sea el primero en etiquetar este registro!
LEADER 00659nam a22001815a 4500
001 MAT.inmabb001023
008 031120s1959####ii#######b####000#0#eng#d
005 20130308094200.0
245 1 0 |a Lectures on meromorphic functions /  |c by W. K. Hayman ; notes by K. N. Gowrisankaran and K. Muralidhara Rao. 
260 |a Bombay :  |b Tata Institute of Fundamental Research,  |c 1959. 
300 |a 130, [1], iv h. ;  |c 29 cm. 
504 |a Bibliografía: h. [131]. 
500 |a Errata: h. [i]-iv. 
100 1 |a Hayman, W. K.  |q (Walter Kurt),  |d 1926- 
700 1 |a Gowrisankaran, K. N. 
700 1 |a Rao, K. Muralidhara. 
084 |a 30D35  |2 msc2000 
859 |h 30  |i H422  |p A-890  |b BIB. MATEMATICA